00486nam a2200169 a 450000100060000000300090000600800410001502000150005604000280007108200140009910000180011324500740013126000330020530000100023849000390024865000290028723315CO-ViMGA141112s2004 ck r 000 u spa d a8632300411 aCO-ViMGAbspacCO-ViMGA04a930 C177i1 aCassin, Elena10aLos Imperios del antiguo oriente II : bel fin del segundo milenio aMéxico : bSiglo Veintiuno a330p. aHistoria Universal Siglo XXI; v. 314aMEDIO ORIENTE - HISTORIA